Religión, razón y esperanza: el pensamiento de Ernst Bloch
Enregistré dans:
| Auteur principal: | |
|---|---|
| Format: | Livre |
| Langue: | espagnol |
| Publié: |
Pamplona
Verbo Divino
1992
|
| Sujets: | |
| Tags: |
Ajouter un tag
Pas de tags, Soyez le premier à ajouter un tag!
|
MARC
| LEADER | 00000nam a2200000 a 4500 | ||
|---|---|---|---|
| 001 | UCX6408 | ||
| 003 | CL-VaPUC | ||
| 008 | 930607e19920000SP |||||||||||||||||spa|d | ||
| 082 | 0 | 4 | |a 200.1 |b TAM |2 21 |
| 100 | 0 | |a Tamayo-Acosta, Juan-José |e author |9 322879 | |
| 245 | 1 | 0 | |a Religión, razón y esperanza: el pensamiento de Ernst Bloch |
| 300 | |a 343 p | ||
| 942 | |c BK | ||
| 945 | |d 19930607 00:00:00 | ||
| 260 | |a Pamplona |b Verbo Divino |c 1992 | ||
| 600 | 0 | |a Bloch, Ernst |9 322880 | |
| 650 | 0 | |a Filosofía de la religión |9 256017 | |
| 583 | |a last modification |c 20120711 10:03:54 |k Rodrigo Vera | ||
| 999 | |c 226432 |d 226430 | ||
| 952 | |0 0 |1 2 |4 0 |6 200_100000000000000_TAM_1992 |7 0 |8 A |9 224768 |a BIBTEO |b BIBTEO |d 2019-11-15 |i 2935139 |o 200.1 TAM 1992 |p 2935139 |r 2019-11-15 |w 2019-11-15 |y BK |k ICR | ||
| 952 | |0 0 |1 0 |4 0 |6 200_100000000000000_TAM_1992 |7 0 |8 A |9 224769 |a BIBTEO |b BIBTEO |d 2019-11-15 |i 3339351 |o 200.1 TAM 1992 |p 3339351 |r 2025-01-17 |w 2019-11-15 |y BK |k ICR | ||